Vista normal
Vista MARC
Entrada Geographic Name
Número de registros utilizados en: 1
001 - CONTROL NUMBER
- control field: 11012
003 - CONTROL NUMBER IDENTIFIER
- control field: OSt
005 - DATE AND TIME OF LATEST TRANSACTION
- control field: 20200930123124.0
008 - FIXED-LENGTH DATA ELEMENTS
- fixed length control field: 200930|| aca||aabn | a|a d
040 ## - CATALOGING SOURCE
- Original cataloging agency: OSt
- Transcribing agency: OSt
151 ## - HEADING--GEOGRAPHIC NAME
- Geographic name: Colombia
- General subdivision: historia
- Chronological subdivision: 1810-1823
670 ## - SOURCE DATA FOUND
- Source citation: Work cat.: (OSt)4159: Escallón, Eduardo, autor 11009, La antorcha brillante / , 2009